Jesus and Buddha : (Record no. 24792)

000 -LEADER
fixed length control field 01124cam a2200313 i 4500
001 - CONTROL NUMBER
control field 18613542
005 - DATE AND TIME OF LATEST TRANSACTION
control field 20260115095553.0
008 - FIXED-LENGTH DATA ELEMENTS--GENERAL INFORMATION
fixed length control field 150511s2015 nyu 001 0 eng
010 ## - LIBRARY OF CONGRESS CONTROL NUMBER
LC control number 2015018005
020 ## - INTERNATIONAL STANDARD BOOK NUMBER
International Standard Book Number 9781626981515 (pbk.)
040 ## - CATALOGING SOURCE
Original cataloging agency DLC
Language of cataloging eng
Transcribing agency DLC
Description conventions rda
Modifying agency DLC
042 ## - AUTHENTICATION CODE
Authentication code pcc
050 00 - LIBRARY OF CONGRESS CALL NUMBER
Classification number BR128.B8
Item number K55 2015
082 00 - DEWEY DECIMAL CLASSIFICATION NUMBER
Classification number 261.243
Edition number 23
100 1# - MAIN ENTRY--PERSONAL NAME
Personal name Knitter, Paul F.
9 (RLIN) 24475
245 10 - TITLE STATEMENT
Title Jesus and Buddha :
Remainder of title friends in conversation /
Statement of responsibility, etc. Paul Knitter, Roger Haight.
264 #1 - PRODUCTION, PUBLICATION, DISTRIBUTION, MANUFACTURE, AND COPYRIGHT NOTICE
Place of production, publication, distribution, manufacture Maryknoll, New York :
Name of producer, publisher, distributor, manufacturer Orbis Books,
Date of production, publication, distribution, manufacture, or copyright notice [2015]
300 ## - PHYSICAL DESCRIPTION
Extent xvii, 253 pages ;
Dimensions 21 cm
336 ## - CONTENT TYPE
Content type term text
Content type code txt
Source rdacontent
337 ## - MEDIA TYPE
Media type term unmediated
Media type code n
Source rdamedia
338 ## - CARRIER TYPE
Carrier type term volume
Carrier type code nc
Source rdacarrier
500 ## - GENERAL NOTE
General note S-KN: Ashin Khemānanda
General note Includes index.
650 #0 - SUBJECT ADDED ENTRY--TOPICAL TERM
Topical term or geographic name entry element Christianity and other religions
General subdivision Buddhism.
9 (RLIN) 6398
Topical term or geographic name entry element Buddhism
General subdivision Relations
-- Christianity.
9 (RLIN) 6397
906 ## - LOCAL DATA ELEMENT F, LDF (RLIN)
a 7
b cbc
c orignew
d 1
e ecip
f 20
g y-gencatlg
942 ## - ADDED ENTRY ELEMENTS (KOHA)
Source of classification or shelving scheme
Koha item type Book (Short term)
Holdings
Withdrawn status Lost status Source of classification or shelving scheme Damaged status Not for loan Collection code Permanent Location Current Location Shelving location Date acquired Total Checkouts Full call number Barcode Date last seen Price effective from Koha item type Accession
          English Collection Shan State Buddhist University Library Shan State Buddhist University Library English Shelves 26/05/2023   261.243 Kn 10056 EB00010056 26/05/2023 26/05/2023 Book (Short term) 10056

Library - 09407999929
Admin Office - 09407999979
Dean Office - 09250910768
Registrar Office - 09892297154
Email - [email protected]
Shan State Buddhist University, Phaya Phyu Taunggyi, Shan State, Myanmar.